000 00768nam a2200265Ia 4500
003 OSt
005 20221006151403.0
006 a|||||r|||| 00| 0
007 ta
008 221006b |||||||| |||| 00| 0 eng d
020 _cP8.54
024 _a21,926
037 _cTextual
040 _aEASL
_cEASL
_beng
041 _2eng
_aeng
082 _aAn41,N7, L0
100 _aWATKINS Ralph J, etc. Ed.
_9659068
245 0 _aDirectory of selected scientific institutions in Mainland China
260 _aStandford
_bStanford University
_c1970
300 _a469p.
_ccm.
490 _v RR
_aHoover Institution Publications Series:96
650 _aCEL
942 _hAn41,N7, L0
_cTEXL
_2CC
999 _c1090012
_d1090012